|
|
|
|
| LEADER |
01723nam a2200349 a 4500 |
| 001 |
13093944 |
| 008 |
100615s2003 nyua j 000 1 eng d |
| 010 |
|
|
|a \\2003102525
|
| 020 |
|
|
|a 043935806X
|
| 040 |
|
|
|a DLC
|c DLC
|d DLC
|d BD-DhAAL
|
| 082 |
0 |
0 |
|a 813/.6
|2 22
|
| 100 |
1 |
|
|a Rowling, J. K.
|
| 245 |
1 |
0 |
|a Harry Potter and the Order of the Phoenix /
|c by J.K. Rowling ; illustrations by Mary GrandPré.
|
| 250 |
|
|
|a 1st American ed.
|
| 260 |
|
|
|a New York, NY :
|b Arthur A. Levine Books,
|c 2003.
|
| 300 |
|
|
|a xi, 870 p. :
|b ill. ;
|c 24 cm.
|
| 500 |
|
|
|a "Year 5"--Spine.
|
| 500 |
|
|
|a Sequel to: Harry Potter and the goblet of fire.
|
| 500 |
|
|
|a Sequel: Harry Potter and the half-blood prince.
|
| 520 |
|
|
|a When the government of the magic world and authorities at Hogwarts School of Witchcraft and Wizardry refuse to believe in the growing threat of a freshly revived Lord Voldemort, fifteen-year-old Harry Potter finds support from his loyal friends in facing the evil wizard and other new terrors.
|
| 541 |
1 |
|
|e 00020395
|
| 650 |
|
1 |
|a Wizards
|v Fiction.
|
| 650 |
|
1 |
|a Magic
|v Fiction.
|
| 650 |
|
1 |
|a Schools
|v Fiction.
|
| 650 |
|
1 |
|a Coming of age
|v Fiction.
|
| 651 |
|
1 |
|a England
|v Fiction.
|
| 700 |
1 |
|
|a GrandPré, Mary,
|e ill.
|
| 852 |
4 |
|
|a Ayesha Abed Library
|j General Shelf
|
| 942 |
0 |
0 |
|0 1
|
| 999 |
|
|
|c 8944
|d 8944
|
| 952 |
|
|
|0 0
|1 0
|2 ddc
|4 0
|6 813_600000000000000_ROW_2003
|7 0
|9 10986
|a BRACUL
|b BRACUL
|c GEN
|d 2010-06-15
|l 4
|m 24
|o 813.6 ROW
|p 3010020395
|r 2026-03-07
|s 2026-03-07
|t 1
|w 2010-06-15
|y BK
|x Transferred from ENH to Ayesha Abed library on 20/12/2023
|
| 952 |
|
|
|0 0
|1 0
|2 ddc
|4 0
|6 813_600000000000000_ROW_2003
|7 0
|9 10987
|a BRACUL
|b BRACUL
|c GEN
|d 2010-06-15
|l 25
|m 143
|o 813.6 ROW
|p 3010015638
|r 2025-08-07
|s 2024-12-07
|t 2
|w 2010-06-15
|y BK
|